| 000 | 01241nam a2200229Ia 4500 | ||
|---|---|---|---|
| 001 | L232-6462 | ||
| 003 | IT-CnALBA | ||
| 008 | 170116s9999||||xx |||||||||||||| ||und|| | ||
| 040 |
_aIT-CnALBA _cIT-CnALBA |
||
| 041 | _aITALIANO | ||
| 100 | _aMARMION DOM COLUMBA, ABATE DI MAREDSOUS. | ||
| 245 | 0 | _aCRISTO NEI SUOI MISTERI. CONFERENZE SPIRITUALI E LITURGICHE. | |
| 250 | _a5a ed. | ||
| 260 |
_a TORINO - ROMA _bMARIETTI EDITORE _c1945 [1° Ed.: n.d.] |
||
| 300 | _a380 p. (prefazione: 11) | ||
| 500 | _aTRADUZIONE DI BIANCHI ERNESTO. LETTERA DI APPROVAZIONE DI BENEDETTO XV. MISTERI DI CRISTO PER NOI. PARTECIPAZIONE DELL'UOMO AI MISTERI DI CRISTO. IL VERBO DEL PADRE. INCARNAZIONE DEL VERBO. CRISTO SALVATORE E PONTEFICE. MERAVIGLIE DELL'INCARNAZIONE. EPIFA | ||
| 501 | _aSocietà San Paolo EM - Piazza San Paolo, 14 - 12051 ALBA (CN) (non commercial uses only) ® Copyright 2017 | ||
| 520 | _aTRADUZIONE DI BIANCHI ERNESTO. LETTERA DI APPROVAZIONE DI BENEDETTO XV. MISTERI DI CRISTO PER NOI. PARTECIPAZIONE DELL'UOMO AI MISTERI DI CRISTO. IL VERBO DEL PADRE. INCARNAZIONE DEL VERBO. CRISTO SALVATORE E PONTEFICE. MERAVIGLIE DELL'INCARNAZIONE. EPIFA | ||
| 650 | _aVITA E MISTERO DI CRISTO | ||
| 942 | _cBK | ||
| 957 | _71 | ||
| 999 |
_a7438 _bSI _g Copie: 1 _c265644 _d265644 |
||